000 00756nam a22002655i 4500
001 11715
003 ES-MaACL
005 20250722131820.0
007 t|
008 941129s1994 sp ||||0| spa j
020 _a84-406-4740-9
040 _aM-BN
_bspa
_cM-BN
080 _a869.9-31"19"
100 0 _aToro, Suso de,
_d1956-
_9110684
245 1 0 _aTic-tac /
_cSuso de Toro ; traducción, Basilio Losada.
250 _a1ª ed.
260 _aBarcelona :
_bEdiciones B,
_c1994.
300 _a302 p :
_bil ;
_c22 cm.
490 1 _aTiempos modernos
700 1 _aLosada, Basilio,
_d1930-
_974251
830 0 _aTiempos modernos
_9178583
852 _aES-MaACL
_jL-19002
_bR.123133
999 _c11715
_d11715